[Event "Barcelona Sant Marti op 04th"]
[Site "Barcelona"]
[Date "2002.04.13"]
[Round "2.30"]
[White "Garcia Gomez, Ricardo"]
[Black "Amigo Barbera, Francesc"]
[Result "0-1"]
[WhiteElo "1755"]
[BlackElo "2115"]
[PlyCount "33"]
[EventDate "2002.04.06"]
[EventType "swiss"]
[EventRounds "9"]
[EventCountry "ESP"]
[SourceTitle "EXT 2003"]
[Source "ChessBase"]
[SourceDate "2002.11.25"]
[SourceVersion "1"]
[SourceVersionDate "2002.11.25"]
[SourceQuality "1"]

1. e4 Nc6 2. Nf3 e5 3. Bb5 Nf6 4. d3 d6 5. Bxc6+ bxc6 6. 0-0 Be7 7. Nc3 Bg4 8. Be3 d5 9. exd5 cxd5 10. d4 e4 11. h3 Bh5 12. g4 Nxg4 13. hxg4 Bxg4 14. Qd2 Bxf3 15. Ne2 Qd7 16. Rfc1 Qh3 17. Nf4 0-1